| 000 | 01170nam a22002657a 4500 | ||
|---|---|---|---|
| 005 | 20260521123926.0 | ||
| 008 | 260507t2012 |||||||| |||| 00| 0 spa d | ||
| 020 | _a9788415577423 | ||
| 040 |
_aCO-BoUCM _bspa _cStefania Borbon _dStefania Borbon |
||
| 041 | _aspa | ||
| 100 | 1 |
_aL'Ecuyer, Catherine _9189119 |
|
| 245 |
_aEducar en el asombro : _b¿cómo educar en un mundo frenético e hiperexigente? / _cCatherine L'Ecuyer ; prólogo de Santiago Álvarez de Mon |
||
| 250 | _a16a.Ed. | ||
| 260 |
_aBarcelona : _bPlataforma Editorial, _c2015 |
||
| 300 | _a184 páginas | ||
| 490 | 0 | _aPlataforma Actual | |
| 504 | _aIncluye referencias bibliográficas | ||
| 520 | _aReplantea el aprendizaje infantil como un viaje que nace desde el interior de la persona, cuestionando las crisis de atención actuales provocadas por entornos ruidosos y saturados de pantallas. | ||
| 650 |
_aPsicología de la educación _9186181 |
||
| 650 |
_aAptitud en los niños _9189120 |
||
| 650 |
_aRelaciones padres e hijos _9189104 |
||
| 700 |
_aÁlvarez de Mon, Santiago, _eprólogo _9189121 |
||
| 942 |
_2DEWEY _a10 _cLIBRO _e16 _h370.15 _mL99 |
||
| 999 |
_c326373 _d326373 |
||